Quizzes
Events
Quiz Creation
Community
Videos
Private Events
Remove Ads
Sign In
Join for FREE
Feedback
Dark Mode
Quiz Categories
Sports
Geography
Music
Movies
Television
Just For Fun
Miscellaneous
History
Literature
Language
Science
Gaming
Entertainment
Religion
Holiday
For Kids
Quiz Lab
Recent
Popular Today
Quiz Kudos Today
Editor Picks
Curator Picks
Quizzes by...
Day
Popularity
Type
Ratings
Length
Year
Community
Subscriptions
Recent Discussions
Orange Saloon
Badges
Playlists
Quests
Create
Leaderboards
Showdown
Live 5
Trivia Bingo
Activity
Puzzle Library
Sporcle Events
Private Events
Virtual Trivia
Globe League
Become a Host
Pub Owners
SporcleCon
Opinionation
Our Games
Videos
Blog
Mobile Apps
Partnerships
Remove Ads and Go Orange
Feedback
Sports
Athletes
MLB
NBA
NHL
NFL
Soccer
Sports Teams
WWE
NCAA
Football
Premier League
Basketball
Baseball
Hockey
Golf
Tennis
Cricket
Rugby
Auto Racing
Olympics
World Cup
Sports
Athletes
MLB
NBA
NHL
NFL
Soccer
Sports Teams
WWE
NCAA
Football
Premier League
Basketball
Baseball
Hockey
Golf
Tennis
Cricket
Rugby
Auto Racing
Olympics
World Cup
Random Quiz
Search Sporcle
×
Quiz Lab
Quiz Lab
Sports
NFL
Type in answers that appear in a list
Type in answers that appear in a list
Classic
Best Score? Go Orange.
Most NFL playoff wins-team Stats
Can you name the NFL teams with the most postseason wins?
By
kupfernick
3m
20 Questions
455 Plays
455 Plays
455 Plays
Comments
Comments
Give Quiz Kudos
Give Quiz Kudos
-
- Ratings
hide this ad
More Info
Replay
Link that replays current quiz
Next Quiz
Link to next quiz in quiz playlist
You Got
0%
They Got
Avg Score
63%
Avg Friend Score
Upgrade to see
Score Distribution
Jump to the score distribution portion of the page
Score
0/20
Timer
03:00
0
Plays Today
win pct
team
% Correct
0.590
Pittsburgh Steelers
98%
0.556
Dallas Cowboys
96.9%
0.603
Green Bay Packers
96.7%
0.638
New England Patriots
94.9%
0.600
San Francisco 49ers
93%
0.490
New York Giants
92.5%
0.452
Buffalo Bills
91.5%
0.472
Chicago Bears
88.7%
0.568
Oakland Raiders
87.5%
0.488
Miami Dolphins
87.3%
win pct
team
% Correct
.500
Seattle Seahawks
85.9%
0.600
Baltimore Ravens
85.9%
0.548
Washington FC
83.5%
0.548
Denver Broncos
83.3%
0.412
Minnesota Vikings
82.9%
0.489
Indianapolis Colts
81.3%
0.500
Philadelphia Eagles
80.4%
0.447
St. Louis Rams
80%
0.447
Tennesee Titans
77.5%
0.444
Cleveland Browns
74.6%
Quiz Playlist
Details
Report
Send in Message
Add To Playlist
More Info:
Current Franchises Includes AFL/NFL pre-merger playoff wins Updated through 2019 season
Classic:
Type in answers that appear in a list
Quiz Source
Last Updated: Aug 14, 2020
Quiz Scoreboard
CHALLENGE
Sign Up to Join the Scoreboard
Show All
Scores
Hide
Comments
May contain spoilers
Recently Published
NBA Finals Game Top Scorers (2010s)
by flibbidy
Sports
5m
Guess the 'R' Things in 3 Words
by MSUKent
Miscellaneous
3m
Actor to Badly Drawn Movie III
by MoMosMoProblems
Movies
5m
More to Explore
Quiz From the Vault
Featured Blog Post
Where Does Lost Luggage Go?
hide this ad
You Might Also Like...
Tags
NFL Quiz
Playoff
Playoff Leaders
Playoff Records
postseason
Postseason Game
Win
Wins Leaders
Today's Top Quizzes in Sports
Browse Sports
hide this ad
Today's Top Quizzes in NFL
Browse NFL
Top Contributed Quizzes in Sports
1
Les joueurs à 100 buts en Ligue 1 Uber Eats
2
2022 World Cup Stars
3
2024 March Madness Bracket
4
Millionaire: NBA Finals Edition
5
Players with Multiple 50 Home Run Seasons
6
Criteria MLB: Left Handed Sluggers
7
Nickname Match: Athletes VI
8
Iconic Moments in Football - Multiple Choice
9
NFL MVPs ordered
10
NBA Championships Per City
Explore More
Trending Topics
Crossword
Anime
Marvel
Kpop
Harry Potter
Disney
NBA
Pokémon
Soccer
NFL
WWE
Song
Country
Puzzle
The Office
hide this ad
More By:
kupfernick
Quiz
Plays
Rating
Category
Featured
Created
City and State-named Ships at Pearl Harbor
2,626
4.38
History
Nov 12, 2012
eukaryote or prokaryote
1,923
4.00
Science
Sep 13, 2014
400 HR, .300 BA
1,146
2.78
Sports
Jun 18, 2011
Introduction to Microbiology Matching Game
1,030
Science
Sep 6, 2014
five things for each metabolic pathway
784
Science
Oct 6, 2014
Go to Creator's Profile
Score Distribution
Quiz Creator Spotlight
kupfernick
Follow
Send a Message
Quizzes Created
-
Created Quiz Play Count
-
More By This Creator
Popular Quizzes Today
1
Find the US States - No Outlines Minefield
2
Find the US States
3
The Countries of the World
4
10 Largest US States in Order
5
Find the Countries of Europe - No Outlines Minefield
6
US States
7
Guess the 'R' Things in 3 Words
8
NBA Finals Game Top Scorers (2010s)
More Sports Quizzes
Mini Trivia Sudoku: Basketball
Editor's Pick
Trending Quizzes
First Name TV: Leading Men
First Name TV: Leading Women Drama
Match the Book to the Film II
Pick A Pair: Religious TV
Match the Book to the Film VI
Recently Updated
Women's Final Four Teams by Year
bhenderson79
Presidents Quartet II
eogle
Anything But Clue(do)
eogle
Anything But Oceanian Capitals
eogle
Anything But 7
eogle
Anything But Thing
eogle
Word Ladder: February 29
pecheneg
Song Title Questions
pecheneg
Women's NCAA Tournament #1 Seeds
pecheneg
Celebrity Mug Shots
pecheneg
Trending Topics
Kpop
Harry Potter
Anime
Disney
Marvel
NBA
Crossword
The Office
WWE
Soccer
NFL
Country
Pokémon
Puzzle
Song
Your Account Isn't Verified!
In order to create a playlist on Sporcle, you need to verify the email address you used during registration. Go to your
Sporcle Settings
to finish the process.
Report this User
Report this user for behavior that violates our
Community Guidelines
.
Details:
Send Report
Go to the Sporcle.com Mobile Site →
Comments